| 000 | 01354nam a22003017a 4500 | ||
|---|---|---|---|
| 003 | OSt | ||
| 005 | 20201209105741.0 | ||
| 008 | 201209b2000 mx ad||gr|||| 00| 0dspa d | ||
| 020 | _a9681654747 | ||
| 040 |
_aCO-JMCR _cCO-JMCR |
||
| 041 | 1 |
_aspa _heng |
|
| 082 | 0 | 4 |
_a338.9 / _bA274m _223 |
| 100 | 1 |
_aAgénor, Pierre-Richard, _eautor _912469 |
|
| 245 | 1 | 3 |
_aLa macroeconomía del desarrollo / _cPierre-Richard Agénor, Peter J. Montiel ; traducción de Eduardo L. Suárez |
| 250 | _aPrimera edición | ||
| 260 |
_aMéxico : _bFondo de Cultura Económica, _c2000 |
||
| 300 |
_a941 páginas : _bilustraciones, gráficos a blanco y negro ; _c23 cm. |
||
| 490 | 0 | _aTextos de economía | |
| 500 | _aIncluye biográficos del autor en contraportada, índice onomástico y índice analítico. | ||
| 504 | _aBibliografía : páginas 845-889. | ||
| 505 | 0 | _aRelaciones macroeconómicas y estructura del mercado -- Políticas macroeconómicas de corto plazo -- Estabilización -- Deuda externa, flujos de capital y crisis monetaria -- Crecimiento, reformas estructurales y política económica | |
| 650 | 2 | 4 |
_aMacroeconómica _912470 |
| 650 | 2 | 4 |
_aPaíses en desarrollo _92059 |
| 650 | 2 | 4 |
_aLa economía del desarrollo _912471 |
| 700 | 1 |
_aMontiel, Peter J., _eautor _912472 |
|
| 700 | 1 |
_aSuárez, Eduardo L., _etraductor _94465 |
|
| 942 |
_2ddc _cBK |
||
| 999 |
_c7027 _d7027 |
||